000 01245nam a22003617a 4500
003 CHAP
005 20220817044354.0
008 100908s2004 mx r 00010 spa d
010 _a99228
011 _a100200
035 _a110886
040 _cCHAP
090 _aTesis
100 1 _aFuentes Rosado, Dalia
245 1 0 _aIncontinencia urinaria en mujeres entre 40 y 60 años, tratada con acupuntura y terapias alternativas
_c/por Dalia Fuentes Rosado
260 _aChapingo, Méx. :
_bEl autor,
_c2004
300 _axii, 97 h. :
_bilus.
502 _aTesis (Esp. en Acupuntura Humana) -- UACH. Centro de Educación Continua
590 _aALEPH
_b10
_c20130110
_lUCH01
_h1536
590 _aBATCH-UPD
_b10
_c20130110
_lUCH01
_h1113
590 _aBATCH-UPD
_b10
_c20130410
_lUCH01
_h0704
590 _aBATCH-UPD
_b10
_c20130914
_lUCH01
_h1312
590 _aCONVERSION
_b10
_c20130109
_lUCH01
_h1355
650 1 4 _aAcupuntura.
_9813
650 1 4 _aEnfermedades del tracto urinario.
_936934
650 1 4 _aMedicina china.
_973916
650 1 4 _aMujer.
_979312
650 1 4 _aTerapéutica fisiológica.
_9112346
901 _aBK
911 _aen proceso
942 _cTESIS
949 _aTesis
_bBC
_cTES
_d33724002072801
_eTS1
_gDonaciØn
_h51057
_i110886
_sb
999 _c99228
_d99228